000 00424nam a2200193Ia 4500
005 20240823040406.0
008 240823s9999||||xx |||||||||||||| ||und||
020 _a978-81-8493-192-1
041 _aENGLISH
082 _A920 P9
100 _aSunandha Ragunathan
245 0 _aTipu Sultan
250 _a1st
260 _c2009
_bPr
500 _aDISPLAY
650 _aGeneral
_bGeneral
942 _cBK
999 _c202999
_d202999